Normal view
MARC view
Entry Personal Name
001 - CONTROL NUMBER
- control field: 12667
003 - CONTROL NUMBER IDENTIFIER
- control field: ARRUPE
005 - DATE AND TIME OF LATEST TRANSACTION
- control field: 20141114125327.0
008 - FIXED-LENGTH DATA ELEMENTS
- fixed length control field: 141114|| aca||aabn | a|a d
040 ## - CATALOGING SOURCE
- Original cataloging agency: ARRUPE
- Transcribing agency: ARRUPE
100 ## - HEADING--PERSONAL NAME
- Personal name: Wolin, Sheldon S.,
- Relator term: joint ed.
670 ## - SOURCE DATA FOUND
- Source citation: Work cat.: (ARRUPE)0: Lipset, Seymour Martin, ed. 12664, The Berkeley student revolt: facts and interpretations,, 1965.